LEADER 01369nam a2200313 u 4500 001 000000082364 003 CaOOAMICUS 005 20070226123844.0 008 050412s2004 cau u000 u eng u 020 $a0804743487 035 $a11038676 040 $aPUL$bita 041 1 $aeng$hfre 100 1 $aFaure, Bernard.$0(OLS)http://pul/name/54725 240 10$aBouddhismes, philosophies et religions.$lInglese.$0(OLS)http://pul/title/107652 245 10$aDouble exposure :$bcutting across buddhist and western discourses /$cBernard Faure ; translated by Janet Lloyd. 260 $aStanford :$bStanford University Press,$c2004. 300 $axiv, 195 p. ;$c23 cm 490 1 $aCultural memory in the present 500 $aInclude indice. 504 $aBibliografia in nota. 650 4$aFilosofia buddista.$0(OLS)http://pul/subject/28247 830 0$aCultural memory in the present.$0(OLS)http://pul/title/107632 850 $aPUL 852 $aPUL$W1$xSL Religione 3$y85$m294. 3 Faube 1$j104961$nBK-PRI$b $qDDC 21$B104961$CPULBib$Z2$F104961 $HPUL97878 $81 941 1 $a9 996 $6020$a0804743487$9(OLS)http://pul/number/109132 996 $6245$aDouble exposure :$bcutting across buddhist and western discourses$9(OLS)http://pul/title/107653 996 $6260$aStanford :$bStanford University Press$9(OLS)http://pul/publisher/71122 LEADER 01224nam a2200253 a 4500 001 000000176201 003 CaOOAMICUS 005 20230926105605.0 008 230926s2022 it u000 u eng r 032 $aLibriCat 040 $aPUL$bita 100 1 $aIzuogu, Oliver Obinna.$0(OLS)http://pul/name/113178 245 10$aChildless marriage :$ba crucial challenge for the pastoral ministry of marriage and the family among the Igbo people of Nigeria / $cOliver Obinna Izuogu . 260 $aPadova :$bFacoltą Teologica del Triveneto,$c2022. 300 $aXIV, 266 p. ;$c25 cm 502 $aTesi di Dottorato in sacra Teologia - Facoltą Teologica del Triveneto, 2022. 504 $aBibliografia: p. 233-256. 710 2 $aFacoltą Teologica del Triveneto.$kTesi.$0(OLS)http://pul/name/86198 850 $aPUL 852 $aPUL$W1$xDP1 Tesi Varie$y51$m2022 B 8$j199690$qTesi$B205144$CPULBib$Z2$F205144 $82 941 1 $a16 996 $6245$aChildless marriage :$ba crucial challenge for the pastoral ministry of marriage and the family among the Igbo people of Nigeria / $9(OLS)http://pul/title/217693 996 $6260$aPadova :$bFacoltą Teologica del Triveneto$9(OLS)http://pul/publisher/80058